Hacer visible lo cotidiano: teoría y práctica de la evaluación cualitativa de centros escolares

Gorde:
Xehetasun bibliografikoak
Egile nagusia: Santos, Miguel Angel (Egilea)
Formatua: Liburua
Hizkuntza:gaztelania
Argitaratua: Madrid Akal 2008
Edizioa:1a. ed
Saila:Akal Universitaria, 137
Gaiak:
Etiketak: Etiketa erantsi
Etiketarik gabe, Izan zaitez lehena erregistro honi etiketa jartzen!

MARC

LEADER 00000cam a2200000 a 4500
001 UCC3934
003 CL-VaPUC
008 180622e20080000sp |||||||||||||||||spa|d
020 |a 9788476006511 
082 0 4 |a 371.26  |b SAN  |2 21 
100 0 |a Santos, Miguel Angel  |e author  |9 598054 
245 1 0 |a Hacer visible lo cotidiano: teoría y práctica de la evaluación cualitativa de centros escolares 
250 |a 1a. ed 
300 |a 207 p 
942 |c BK 
945 |d 20180622 13:48:00  |a arojas 
260 |a Madrid  |b Akal  |c 2008 
650 0 |a Evaluación de la educación   |9 237505 
650 7 |a CENTROS EDUCACIONALES  |2 CL-VaPUC  |9 598055 
650 0 |a Calidad de la educación   |9 307271 
583 |a last modification  |c 20180622 13:48:00  |k Rodrigo Vera 
490 0 |a Akal Universitaria, 137 
999 |c 371580  |d 371578 
952 |0 0  |1 0  |3 erb  |4 0  |6 371_260000000000000_SAN_2008  |7 0  |8 A  |9 488602  |a BIBEDU  |b BIBEDU  |i 5477530  |l 1  |o 371.26 SAN 2008  |p 5477530  |r 2022-03-29  |s 2022-03-24  |w 2019-11-24  |y BK  |z Catalogado en:20180622  |k EDI